| 000 | 00558nam a2200181 i 4500 | ||
|---|---|---|---|
| 001 | 120985 | ||
| 003 | ES-MaACL | ||
| 005 | 20231129145829.0 | ||
| 007 | t| | ||
| 008 | 070214s1966 sp r ||||1| spa d | ||
| 100 | 1 |
_aPredmore, Michael P. _993738 |
|
| 245 | 1 | 3 |
_aLa obra en prosa de Juan Ramón Jiménez / _cMichael P. Predmore. |
| 260 |
_aMadrid : _bGredos, _c1966. |
||
| 300 |
_a274 p. ; _c20 cm. |
||
| 600 | 1 | 4 |
_aJiménez, Juan Ramón, _d1881-1958- _xCrítica e interpretación _966422 |
| 852 |
_aES-MaACL _jC-30795 _bR.70021 |
||
| 999 |
_c120985 _d120985 |
||